Cosas dichas
Đã lưu trong:
| Tác giả chính: | |
|---|---|
| Định dạng: | Sách |
| Ngôn ngữ: | Tiếng Tây Ban Nha |
| Được phát hành: |
Barcelona, España
Gedisa
1996
|
| Loạt: | Colección El Mamífero Parlante
|
| Những chủ đề: | |
| Các nhãn: |
Thêm thẻ
Không có thẻ, Là người đầu tiên thẻ bản ghi này!
|
MARC
| LEADER | 00000nam a2200000 a 4500 | ||
|---|---|---|---|
| 001 | UCL3211 | ||
| 003 | CL-VaPUC | ||
| 005 | 20250108094713.0 | ||
| 008 | 031114e19960000SP |||||||||||||||||spa|d | ||
| 999 | |c 306327 |d 306325 | ||
| 020 | |a 847432503X | ||
| 040 | |c Pontificia Universidad Católica de Valparaíso | ||
| 082 | 0 | 4 | |a 301 BOU 1996 |2 21 |
| 100 | 0 | |a Bourdieu, Pierre |9 308635 | |
| 245 | 1 | 0 | |a Cosas dichas |
| 260 | 0 | 3 | |a Barcelona, España |b Gedisa |c 1996 |
| 300 | |a 199 páginas | ||
| 490 | 0 | |a Colección El Mamífero Parlante | |
| 583 | |a last modification |c 20140528 12:28:51 |k Rodrigo Vera | ||
| 650 | 0 | |a Sociología |9 255410 | |
| 650 | 0 | |a Ciencias sociales |v Investigación |9 307767 | |
| 650 | 0 | |a Antropología |9 233030 | |
| 942 | |c BK |2 ddc | ||
| 945 | |d 20031114 00:00:00 |a cmena | ||
| 952 | |0 0 |1 0 |2 ddc |4 0 |6 301_000000000000000_BOU_1996 |7 0 |8 A |9 371270 |a FDOPOS |b FDOPOS |d 2019-11-21 |i 3965651 |o 301 BOU 1996 |p 3965651 |r 2025-01-22 |t 2 |w 2019-11-21 |y BK |k MLA | ||
| 952 | |0 0 |1 0 |2 ddc |4 0 |6 301_000000000000000_BOU_1996 |7 0 |8 A |9 371271 |a BIBCUR |b BIBCUR |d 2019-11-21 |i 4562666 |o 301 BOU 1996 |p 4562666 |r 2025-04-22 |t 1 |w 2019-11-21 |y BK |k MGC | ||